000 01102nac a22002411i 4500
003 EG-ScBUE
005 20240104111451.0
008 121107s1987 ua af 000 0 ara d
040 _aEG-ScBUE
_bara
_erda
_cEG-ScBUE
_dEG-ScBUE
082 0 4 _a946.8
_bر م ض
_222
100 1 _aرمضان، عبد المحسن طه،
_eمؤلف.
_931282
245 1 0 _aتاريخ حركة المقاومة الإسبانية ضد المسلمين في الأندلس /
_cدكتور عبد المحسن طه رمضان، كلية الآداب، جامعة عين شمس.
264 1 _a[القاهرة] :
_bمكتبة سعيد رأفت،
_c[1987]
300 _a308 صفحة ؛
_c24 سم
336 _2rdacontent
_aنص
_btxt
337 _aبدون وسيط
_2rdamedia
_bn
338 _aمجلد
_bnc
_2rdacarrier
505 0 _tالجزء الأول. أصولها وتكوينها (711-739 م / 92-121 هـ).
650 7 _aالفتوحات الإسلامية
_zإسبانيا.
_2BUEsh
_931283
651 7 _aأسبانيا
_xتاريخ
_yعصر صدر الإسلام.
_2BUEsh
_931285
655 _vReading book
942 _2ddc
_cBB
999 _c17087
_d17059